ACCESSING HINDUISM (Record no. 359214)

MARC details
000 -LEADER
fixed length control field 003870000a22001330004500
005 - DATE AND TIME OF LATEST TRANSACTION
control field 20120302063328.0
040 ## - CATALOGING SOURCE
Original cataloging agency ENG
100 ## - MAIN ENTRY--PERSONAL NAME
Personal name KANITKAR, KELEN ; MACPHERSON , DUNCAN
245 ## - TITLE STATEMENT
Title ACCESSING HINDUISM
260 ## - PUBLICATION, DISTRIBUTION, ETC. (IMPRINT)
Place of publication, distribution, etc LONDON : MELISENDE
300 ## - PHYSICAL DESCRIPTION
Extent 112 P.
650 ## - SUBJECT ADDED ENTRY--TOPICAL TERM
Topical term or geographic name as entry element HINUISM / CASTE SYSTEM / FAITH/ MORAL / HINDU SCRIPTURE / MYTHOLOGICAL / RITUAL / FESTIVALS
942 ## - ADDED ENTRY ELEMENTS (KOHA)
Koha item type Book
Holdings
Withdrawn status Lost status Damaged status Not for loan Home library Current library Date acquired Total Checkouts Barcode Date last seen Price effective from
        Institute For Oriental Study, Thane Institute For Oriental Study, Thane 12/02/2009   IOS-E 20265 12/02/2009 12/02/2009